000
00299nam a2200109Ia 4500
008
171204s9999 xx 000 0 und d
245
_a
Programming with ANSI C++:
245
_c
Bhushan Trivedi
260
_c
2014
650
_x
Programming 1-16
856
_u
http://down.ebook777.com/053/0198083963.pdf
999
_c
345913
_d
345913